| 000 | 00750nam a2200217 a 4500 | ||
|---|---|---|---|
| 001 | 1010 | ||
| 003 | CDMR | ||
| 005 | 20131016173602.0 | ||
| 008 | 130130s2004||||||||||||||||||||||||||||d | ||
| 020 | _a8487641199 | ||
| 040 |
_aCDMR _bcat _cCPC LLEIDA |
||
| 100 | 1 |
_aFontes, Ignacio _9798 |
|
| 245 | 1 | 3 |
_aEl parlamento de papel _cIgnacio Fontes de Garnica, Manuel Ángel Menéndez Gijón _b: las revistas españolas en la transición democrática |
| 260 |
_aMadrid _c2004 _bAsociación de la Prensa de Madrid |
||
| 300 | _a2 v. | ||
| 650 | 0 | 4 |
_93469 _aRevistes _xHistòria _zEspanya |
| 650 | 0 | 4 |
_93703 _aEspanya _xHistòria _y1975-1982, Transició |
| 650 | 0 | 4 |
_94090 _aPremsa i política _zEspanya |
| 700 | 1 |
_91961 _aMenéndez, Manuel Ángel |
|
| 942 |
_cMON _2udc |
||
| 999 |
_c1010 _d1010 |
||